| 000 | 00404 a2200109 4500 | ||
|---|---|---|---|
| 001 | ART_51930 | ||
| 005 | 20260410161758.0 | ||
| 008 | 260409a | ||
| 245 | 1 | 0 | _aImpuestos a las ganancias. Intereses de cauciones y cheques de pago diferido negociados en la bolsa a partir del año 2019 |
| 100 | 1 | _aSchwartzman, Daniel M. | |
| 773 | 0 |
_tDoctrina tributaria _g- N°489 (dic. 2020) _wREV4296 |
|
| 999 |
_c20335 _d20335 |
||